All Stanley Cup Champions since 1942 - Statistics

General Stats
  • This quiz has been taken 18 times
  • The average score is 63 of 82
Answer Stats
Hint Answer % Correct
2024 Florida Panthers
100%
2021 Tampa Bay Lightning
100%
2020 Tampa Bay Lightning
100%
2023 Vegas Golden Knights
100%
2022 Colorado Avalanche
92%
2001 Colorado Avalanche
92%
2019 St. Louis Blues
92%
2007 Anaheim Ducks
83%
2011 Boston Bruins
83%
1989 Calgary Flames
83%
2006 Carolina Hurricanes
83%
2015 Chicago Blackhawks
83%
2013 Chicago Blackhawks
83%
2010 Chicago Blackhawks
83%
1999 Dallas Stars
83%
2008 Detroit Red Wings
83%
2002 Detroit Red Wings
83%
1988 Edmonton Oilers
83%
1987 Edmonton Oilers
83%
2014 Los Angeles Kings
83%
2012 Los Angeles Kings
83%
1960 Montreal Canadiens
83%
2003 New Jersey Devils
83%
2000 New Jersey Devils
83%
2017 Pittsburgh Penguins
83%
2016 Pittsburgh Penguins
83%
2009 Pittsburgh Penguins
83%
2004 Tampa Bay Lightning
83%
1967 Toronto Maple Leafs
83%
2018 Washington Capitals
83%
1972 Boston Bruins
75%
1970 Boston Bruins
75%
1961 Chicago Black Hawks
75%
1996 Colorado Avalanche
75%
1998 Detroit Red Wings
75%
1997 Detroit Red Wings
75%
1990 Edmonton Oilers
75%
1985 Edmonton Oilers
75%
1984 Edmonton Oilers
75%
1993 Montreal Canadiens
75%
1986 Montreal Canadiens
75%
1979 Montreal Canadiens
75%
1978 Montreal Canadiens
75%
1977 Montreal Canadiens
75%
1976 Montreal Canadiens
75%
1973 Montreal Canadiens
75%
1971 Montreal Canadiens
75%
1969 Montreal Canadiens
75%
1968 Montreal Canadiens
75%
1966 Montreal Canadiens
75%
1965 Montreal Canadiens
75%
1959 Montreal Canadiens
75%
1958 Montreal Canadiens
75%
1957 Montreal Canadiens
75%
1956 Montreal Canadiens
75%
1995 New Jersey Devils
75%
1983 New York Islanders
75%
1982 New York Islanders
75%
1981 New York Islanders
75%
1980 New York Islanders
75%
1994 New York Rangers
75%
1975 Philadelphia Flyers
75%
1974 Philadelphia Flyers
75%
1964 Toronto Maple Leafs
75%
1963 Toronto Maple Leafs
75%
1962 Toronto Maple Leafs
75%
1955 Detroit Red Wings
67%
1954 Detroit Red Wings
67%
1952 Detroit Red Wings
67%
1950 Detroit Red Wings
67%
1953 Montreal Canadiens
67%
1946 Montreal Canadiens
67%
1951 Toronto Maple Leafs
67%
1949 Toronto Maple Leafs
67%
1948 Toronto Maple Leafs
67%
1947 Toronto Maple Leafs
67%
1943 Detroit Red Wings
58%
1944 Montreal Canadiens
58%
1992 Pittsburgh Penguins
58%
1991 Pittsburgh Penguins
58%
1945 Toronto Maple Leafs
58%
1942 Toronto Maple Leafs
58%
No matching quizzes found
Score Distribution
Percent of People with Each Score
Percentile by Number Answered
Your Score History
You have not taken this quiz